00555 2200205 4500001002100000005001500021035002000036007000300056008004100059020001500100082001100115084001700126100001800143245007500161250001100236260003400247300003300281650002600314990000900340INLIS00000000000992820220114102248 a0010-0122000129ta220114 g 0 ind  a9793235489 a668.12 a668.12 PER m0 aPermono, Ajar1 aMembuat Sabun Tangan Cair :bSeri indutri rumah tangga /cAjar Permono aCet. 1 aJakarta :bPuspa Swara,c2003 aiv =52HLM :bILUS ;c20,5 CM 4aIndustri rumah tangga a858A